00376nam a22001457a 4500003000400000005001700004008004100021020001800062040000900080082001700089100001900106245005700125260003900182300000900221OSt20210305160556.0210305b ||||| |||| 00| 0 eng d a9788192910963 coclc a154.2bMUR/P aMurphy, Joseph aThe Power Of Your Subconscious Mind /cJoseph Murphy aMumbai:bIndia Book Distributors,  a297p